000 00461nam a2200133Ia 4500
008 260210s9999 xx 000 0 und d
024 _a04B-024-TE, 04B-061-TE, 04B-013-TE & 04B-020-TE
082 _a621.38456072 SHU
100 _aShuja Hashmi, Faiz-ur-Rehman Khan, M. Shoaib & Syed Zeeshan Nasir
245 0 _aWIMAX Technology
260 _aKarachi:
_bUITU,
_c2004
600 _aTelecommunication Engineering
650 _aBachelor of Engineering (BE)
999 _c33537
_d33537